• 首页
  • 本馆介绍
  • 公告通知
  • 最新文献
  • 馆藏检索
  • 电子资源
  • 读者导购
  • 参考咨询
  • 我的图书馆
  • 登录
  • 详细信息显示
  • 放入我的书架
  • 预约/预借图书
  • 作者相关作品
  • 分类相关作品
  • 丛书相关作品
  • 出版社相关作品

书目信息

  • 表格格式
  • 工作单格式
  • 卡片格式
题名:
苏联“无产阶级文化派”论争资料
    
 
作者: w郑异凡 编
分册:  
出版信息: 北京   人民出版社  1980
页数: 408页
开本: 19cm
丛书名:
单 册:
中图分类: K512.5
科图分类:
主题词: 历史事件--苏联--近代
电子资源:
ISBN:
000 00645nam0 2200229 45
001 0180000806
005 20061116100448.14
010    @dCNY1.10
091    @aCN@b11001.423
100    @a19950602d1980 em y0chiy0121 ea
101 0  @achi
102    @aCN@b110000
105    @ay 000yy
200 10 @a苏联“无产阶级文化派”论争资料@Asu lian“ wu chan jie ji wen hua pai” lun zheng zi liao@f郑异凡编
210    @a北京@c人民出版社@d1980
215    @a408页@d19cm
606    @a历史事件@y苏联@z近代
690    @aK512.5@v3
701  0 @aw郑异凡@Aw zheng yi fan@4编
801  2 @aCN@bNLC@c20061116
801  0 @aCN@bTSSF
905    @a10447@dK512.5@e14
    
    苏联“无产阶级文化派”论争资料/郑异凡编.-北京:人民出版社,1980
    408页;19cm
    
    
    ISBN :CNY1.10
    
●
相关链接 在E读中查询图书 在五车中查询图书 在当当中查询图书 在豆瓣中查询图书


正题名:苏联"无产阶级文化派"论争资料     索取号:K512.5/14         预约/预借

序号 登录号 条形码 馆藏地/架位号 状态 备注
1 0042025   202084644   第二样本阅览室/ [索取号:K512.5/14] 在馆    
唐山师范学院图书馆 欢迎您!
大连网信软件有限公司© 版权所有